| LEADER 00000nam 2200000uu 4500 |
| 001 212166 |
| 003 ULIBM |
| 008 020711s2560 th a 000 0 tha d |
| 020 9786169207085
|
| 041 ^atha^beng
|
| 060 4 WK818 ร711 2560
|
| 245 รู้จักคาร์บ รู้จักนับ ปรับสมดุล ควบคุมเบาหวาน=^bCarbohydrate counting for health and diabetes control/^cคณะบรรณาธิการ, สุภาวดี ลิขิตมาศกุล...[และคนอื่นๆ].
|
| 246 31 ^aCarbohydrate Counting for Health and Diabetes Control
|
| 250 พิมพ์ครั้งที่ 1
|
| 260 กรุงเทพฯ :^bสมาคมเบาหวานแห่งประเทศไทยฯ,^c2560
|
| 300 30 หน้า :^bภาพประกอบ ;^c21 ซม.
|
| 650 4 อาหาร,การกำหนด
|
| 650 4 ^aคาร์โบไฮเดรต
|
| 650 4 ^aDiet, Diabetic
|
| 700 0 ^aสุภาวดี ลิขิตมาศกุล,^eบรรณาธิการ
|
| 710 2 ^aสมาคมเบาหวานแห่งประเทศไทยฯ
|
| 710 2 ^aสมาคมนักกำหนดอาหารแห่งประเทศไทย
|
| 710 2 ^aสมาคมผู้ให้ความรู้โรคเบาหวาน
|
| 856 ^zรู้จักคาร์บฯ.pdf (สารบัญหนังสือ)^uhttp://110.164.94.213/ULIB62015//_fulltext/5/212166/20180828104005_4237.pdf |
| 999 ^aใช้งานได้ทุกระบบ
|